Kỹ thuật đo T.2(Đo điện) /

Bewaard in:
Bibliografische gegevens
Hoofdauteur: Nguyễn Ngọc Tân
Andere auteurs: Ngô Văn Ky
Formaat: Boek
Taal:Vietnamese
Gepubliceerd in: Tp.HCM : Đại học Quốc gia TP. HCM , 2005
Editie:In lần thứ 1
Onderwerpen:
Tags: Voeg label toe
Geen labels, Wees de eerste die dit record labelt!
Thư viện lưu trữ: Thư viện Trường CĐ Kỹ Thuật Cao Thắng
LEADER 00686nam a2200205 a 4500
001 TVCDKTCT2605
003 Thư viện trường Cao đẳng Kỹ thuật Cao Thắng
005 20050819000000
008 050819
980 \ \ |a Thư viện Trường CĐ Kỹ Thuật Cao Thắng 
024 |a RG_1 #1 eb0 i1 
041 0 # |a vie 
082 # # |a 621.302 87 /   |b NG527T-k 
100 1 # |a Nguyễn Ngọc Tân 
245 0 0 |a Kỹ thuật đo T.2(Đo điện) /  |c Nguyễn Ngọc Tân, Ngô Văn Ky 
250 # # |a In lần thứ 1 
260 # # |a Tp.HCM :  |b Đại học Quốc gia TP. HCM ,  |c 2005 
300 # # |a 342tr. ;  |c 24cm 
650 # 4 |a Điện tử 
700 0 # |a Ngô Văn Ky